000 00927nam a22002775i 4500
001 12181
003 ES-MaACL
005 20251004063042.0
007 t|
008 930531s1992 sp ||||0| spa j
020 _a84-86046-54-8
040 _aM-BN
_bspa
_cM-BN
080 _a869.9-14"19"
100 1 _aCarballo Calero, Ricardo,
_d1910-1990
_935008
245 1 0 _aFillo de Eva /
_c[edición de] Pilar Pallarés.
260 _aFerrol :
_bSociedad de Cultura Valle-Inclán,
_c1992.
300 _a221 p ;
_c21 cm.
490 1 _aColección Esquío de poesía ;
_v48
500 _aEn la cub., además: (88 poemas de Ricardo Carvalho Calero)
504 _aBibliografía: p. 219-221.
700 1 _aPallarés, Pilar.
_988576
710 2 _aSociedad de Cultura Valle-Inclán.
_96664
830 0 _aColección Esquío de poesía ;
_v48
_9179209
852 _aES-MaACL
_jL-19501
_bR.121521
999 _c12181
_d12181